LEADER 03139nam 22005413 450 001 9910886333603321 005 20260127232702.0 010 $a9782760333970 010 $a2760333973 035 $a(CKB)4920000002220049 035 $a(MiAaPQ)EBC31191887 035 $a(Au-PeEL)EBL31191887 035 $a(Exl-AI)31191887 035 $a(Perlego)3739712 035 $a(OCoLC)1310071157 035 $a(EXLCZ)994920000002220049 100 $a20240304d2022 uy 0 101 0 $afre 135 $aurcnu|||||||| 181 $ctxt$2rdacontent 182 $cc$2rdamedia 183 $acr$2rdacarrier 200 13$aLe Féodalisme Dans la Vallée du Saint-Laurent $eUn Problème Historiographique 205 $a1st ed. 210 1$aOttawa :$cUniversity of Ottawa Press/Les Presses de l'Universite d'Ottawa,$d2022. 210 4$d©2021. 215 $a1 online resource (234 pages) 225 1 $aAmérique Française Series 311 08$a9782760334335 311 08$a2760334333 327 $aCoverture -- Demi-page de titre -- Page titre -- Page de droits d?auteur -- Liste des sigles et des abréviations -- Préface -- Avant-propos -- Introduction -- Chapitre 1: Le débat pour l?abolition (1763-1854) -- Chapitre 2: Le débat historiographique dans le Canada français -- Chapitre 3: Le débat historiographique dans le Canada anglais -- Chapitre 4: Nouvelles perspectives ? -- Postface -- L?historiographie seigneuriale, 2000-2020 -- Un regain d?intérêt -- L?administration seigneuriale au féminin -- Les Autochtones dans le régime seigneurial -- L?après 1854 : persistances et mémoire(s) du régime seigneurial -- L?histoire seigneuriale en débat -- En guise de conclusion : où est passé le féodalisme ? -- Bibliographie -- Index -- Table des matières -- Couverture arrière$7Generated by AI. 330 $aThis scholarly work by Matteo Sanfilippo explores the historical complexities of feudalism in the Saint Lawrence Valley, focusing on its development and impact from the period of New France to the 19th century. The book, translated from Italian, provides an in-depth analysis of the socio-economic structures and cultural influences that shaped the region. It aims to shed light on the historical narratives and historiographical debates surrounding the feudal system in Canada. This book is intended for historians, researchers, and students interested in Canadian history, particularly those studying the colonial period and its legacy.$7Generated by AI. 410 0$aAmérique Française Series 517 0 $aFéodalisme dans la vallée du Saint-Laurent 606 $aFeudalism$7Generated by AI 607 $aSaint Lawrence River Valley$7Generated by AI 615 0$aFeudalism 700 $aSanfilippo$b Matteo$0273725 701 $aMontreuil$b Arnaud$01769890 701 $aGuimond$b Olivier$01769891 701 $aBock$b Michel$f1971-$01889769 801 0$bMiAaPQ 801 1$bMiAaPQ 801 2$bMiAaPQ 906 $aBOOK 912 $a9910886333603321 996 $aLe Féodalisme Dans la Vallée du Saint-Laurent$94531084 997 $aUNINA LEADER 03680nam 22006375 450 001 9910874682203321 005 20260212133558.0 010 $a9783031579042 024 7 $a10.1007/978-3-031-57904-2 035 $a(CKB)33388547100041 035 $a(MiAaPQ)EBC31552544 035 $a(Au-PeEL)EBL31552544 035 $a(PPN)279812760 035 $a(DE-He213)978-3-031-57904-2 035 $a(OCoLC)1450100746 035 $a(EXLCZ)9933388547100041 100 $a20240723d2024 u| 0 101 0 $aeng 135 $aur||||||||||| 181 $ctxt$2rdacontent 182 $cc$2rdamedia 183 $acr$2rdacarrier 200 10$aCrossroad of Maxwell Demon /$fedited by Xavier Bouju, Christian Joachim 205 $a1st ed. 2024. 210 1$aCham :$cSpringer Nature Switzerland :$cImprint: Springer,$d2024. 215 $a1 online resource (200 pages) 225 1 $aAdvances in Atom and Single Molecule Machines,$x2193-9705 311 08$a9783031579035 327 $aInformation Flows in Nanomachines -- The Role of Initial Coherence in the Phase-space Entropy Production Rate -- How Small can Maxwell?s Demon be? Lessons from Autonomous Electronic Feedback Models -- Many-body Thermal States on a Quantum Computer: A Variational Approach -- Implementing a Quantum Information Engine Using Spintronics -- Virtual Potential Created by a Feedback Loop: Taming the Feedback Demon to Explore Stochastic Thermodynamics of Underdamped Systems -- Symmetry, Chirality and Unidirectional Motion -- Asymmetric Energy Barriers in Unidirectional Molecule-rotors -- Driving a Single Chemisorbed Molecule-rotor by Thermal Energy and Tunneling Electrons. 330 $aWritten by leading experts in this field, this proceedings volume originates from a workshop held in Toulouse on March 1?2, 2023, organized by the ESIM European project (Energy Storage Inside Molecule(s)). The book explores the intersection and convergence of various perspectives, disciplines, and research areas related to a modern version of the Maxwell demon at the nanoscale. It presents interdisciplinary perspectives on topics such as intramolecular thermodynamics and single molecule motive power and overviews the realm of single objects, be it atoms or molecules, while also emphasizing on theoretical and experimental approaches, with or without the presence of supporting surfaces. Notably, this comprehensive collection represents the first instance where such intertwined contributions on diverse versions of the Maxwell demon are discussed within the context of the nanoscale. It is of great use to graduate students, postdoctoral fellows, and researchers who are interested in single molecule mechanics. . 410 0$aAdvances in Atom and Single Molecule Machines,$x2193-9705 606 $aNanoelectromechanical systems 606 $aNanotechnology 606 $aQuantum chemistry 606 $aSelf-assembly (Chemistry) 606 $aNanoscale Devices 606 $aNanoscale Design, Synthesis and Processing 606 $aQuantum Chemistry 606 $aMolecular Self-assembly 615 0$aNanoelectromechanical systems. 615 0$aNanotechnology. 615 0$aQuantum chemistry. 615 0$aSelf-assembly (Chemistry) 615 14$aNanoscale Devices. 615 24$aNanoscale Design, Synthesis and Processing. 615 24$aQuantum Chemistry. 615 24$aMolecular Self-assembly. 676 $a620.5 700 $aBouju$b Xavier$01749308 701 $aJoachim$b C$01671706 801 0$bMiAaPQ 801 1$bMiAaPQ 801 2$bMiAaPQ 912 $a9910874682203321 996 $aCrossroad of Maxwell Demon$94523149 997 $aUNINA